Things Banned in Different Countries #3 - Statistics

General Stats
  • This quiz has been taken 51 times
  • The average score is 6 of 15
Answer Stats
Things Country % Correct
Laugh North Korea
77%
Touch Whale United Kingdom
77%
Rescue a Drowning Person China
71%
Too Much Ketchup Japan
69%
Chinese Apps India
63%
Pay With Coins Canada
60%
To Whistle Brazil
46%
Break Mirror Poland
34%
TV Afghanistan
31%
Cell Phones Cuba
29%
Bring Even Number of Flowers Romania
29%
Wear Shorts Malawi
11%
Forget About Wife's Birthday Samoa
11%
Sitting Cross Legged Uganda
11%
Bring White Flowers Bangladesh
9%
No matching quizzes found
Score Distribution
Percent of People with Each Score
Percentile by Number Answered
Your Score History
You have not taken this quiz